Sports Quiz

Random Sports or Blitz Quiz

60 Second Blitz: English Premier League Teams Quiz Stats

 Plays Quiz Updated Aug 17, 2020

Support Sporcle.
Go Orange.
Score 0/20 Timer 01:00
37 Plays Today
Team % Correct
Manchester United
90%
Manchester City
88.8%
Arsenal
86.9%
Chelsea
84.9%
Liverpool
81.3%
Tottenham Hotspur
71.9%
Everton
68.2%
West Ham United
59.6%
Aston Villa
59.4%
Leeds United
56.1%
Team % Correct
Burnley
53.1%
Wolverhampton Wanderers
51.9%
Leicester City
50.8%
Southampton
47.9%
Sheffield United
47.4%
Fulham
46.6%
Crystal Palace
43.7%
Newcastle United
43.6%
West Bromwich Albion
43.1%
Brighton & Hove Albion
40.6%

You're not logged in!

Compare scores with friends on all Sporcle quizzes.
OR
Log In

From the Vault

US State Nickname Per Letter

by LTH

Some of these states really need more engaging nicknames, we'd really like it if there was a state called 'The Ice Cream State'.
Remove Ads.
Support Sporcle.
Get the best of Sporcle when you Go Orange. This ad-free experience offers more features, more stats, and more fun while also helping to support Sporcle. Thank you for becoming a member.

Show Comments

Extras

Top Quizzes Today


Score Distribution

Your Account Isn't Verified!

In order to create a playlist on Sporcle, you need to verify the email address you used during registration. Go to your Sporcle Settings to finish the process.

Report this User

Report this user for behavior that violates our Community Guidelines.

Details: